000 00567nam a2200193Ia 4500
003 GCL
008 140319s9999 xx 000 0 ara d
040 _aGCL /
_cGCL
082 0 4 _aد
_b050
100 1 _aعبدالرحمن صدقى
245 1 0 _aالشاعر الرجيم بودلير ( اقرا 7 ) /
_cعبدالرحمن صدقى
300 _a127 ص
490 _aوثائق ونصوص
_v0
650 0 4 _aالشعراء
650 0 4 _aالرجال - تراجم
650 0 4 _aالشعراء - تراجم
650 0 4 _aبودلير، شارل
942 _2ddc
_cCF
999 _c27165
_d27165